000 00541nam a2200145 a 4500
008 120416s0000 ||||||||||||||||| || u
020 _a0333493206
050 _aUG 635.G7 Gol
100 _aGollin, Alfred
245 1 4 _aThe Impact of air power on the British people and their government, 1909-14
260 _aHampshire
_bMacmillan
_c1989
300 _axii, 354p
350 _a0.00
995 _D0.00
_FCBU-MAIN LIBRARY (Kitwe)
_H1
_I0.00
_M1
_UAVAILABLE
_ZAnnex Low-Usage Collection
999 _c46218
_d46218